000 00289nam a2200121 i 4500
001 bg
245 0 0 _aMetrologia techniczna :
_bćwiczenia laboratoryjne.
_nCz. 1.
260 _aŁódź,
_c1977.
040 _cBPK
041 _apol
942 _cKS
008 s pl f |000 0 pol
999 _c17439
_d17439
856 _uhttp://koha.tu.koszalin.pl/cgi-bin/koha/opac-detail.pl?biblionumber=17439
_yKatalog online BPK